000 00512nam a22001937a 4500
003 OSt
005 20240409124912.0
008 210922b ||||| |||| 00| 0 eng d
020 _a0691124183
040 _cDDC
082 _a004 LUE 2006
100 _aLuenberger, David G.
_916950
245 _aInformation Science
260 _aPrinceton University Press, 2006
300 _axiv,423p;
_bill;
_c25cm.
504 _aReferences,& indices included
650 _ainformation science
_95602
942 _2ddc
_cO_SHELF
999 _c7273
_d7273